000
00217nam a22001097a 4500
100
_a
Devi, Shakuntala
245
_a
More Puzzles
250
_a
2012
260
_b
Orient publication
300
_a
199
942
_2
ddc
_c
BK
999
_c
11025
_d
11025